00339nam a2200133Ia 4500008004100000100001400041245004400055250001200099260005000111300000800161650001200169942000700181999001700188190216s9999||||xx |||||||||||||| ||und|| aC.J .babu 0aThermal Statistical Solid State Physics a3rd Ed. bCalicut University Central Co-Operativec2000 a300 aPhysics cBK c34653d34653